Memoria leída el día 14 de febrero de 1909, en el solemne acto de la distribución de premios a los alumnos del Instituto Catalán de Sordomudos de Barcelona
Descripción Física:
8 p. ; 21 cm
MARC
| LEADER | 00000nam a2200000Ia 4500 | ||
|---|---|---|---|
| 001 | 11704 | ||
| 003 | BGR | ||
| 005 | 20260410113651.0 | ||
| 008 | 160829s1909 xx 000 0 cat d | ||
| 080 | |a RF-8-20 | ||
| 110 | 2 | |a Instituto Catalán de Sordomudos de Barcelona |9 71164 | |
| 245 | |a Memoria leída el día 14 de febrero de 1909, en el solemne acto de la distribución de premios a los alumnos del Instituto Catalán de Sordomudos de Barcelona | ||
| 260 | |a Barcelona : |b (Est. Tip. de Jaime Vives), |c 1909 | ||
| 300 | |a 8 p. ; |c 21 cm | ||
| 650 | |a Instituto Catalán de Sordomudos de Barcelona |x Memòries |9 38580 | ||
| 856 | 4 | |u https://media.diba.cat/diba/fitxers/arxiu/fulletons/bib_11704_1909_baixa.pdf |y Accés lliure | |
| 856 | 4 | |u https://media.diba.cat/diba/fitxers/arxiu/fulletons/bib_11704_1909_baixa.pdf |y Accés lliure | |
| 900 | |a bib_11704_1909_baixa.pdf | ||
| 901 | |a Arxiu | ||
| 942 | |n 1 |2 udc |c MON | ||
| 952 | |0 0 |1 0 |4 0 |6 RF820 |7 1 |9 48479 |a Arxiu |b Arxiu |d 2016-12-01 |l 0 |o RF-8-20 |p 11704 |r 2016-12-01 00:00:00 |w 2016-12-01 |y ARXIU | ||
| 999 | |c 52308 |d 52308 | ||